<?xml version="1.0" encoding="UTF-8"?><marc:collection xmlns:marc="http://www.loc.gov/MARC21/slim">
  <marc:record>
    <marc:leader>01678nam a2200445zcb4500</marc:leader>
    <marc:controlfield tag="001">990000023210203331</marc:controlfield>
    <marc:controlfield tag="003">AT-OBV</marc:controlfield>
    <marc:controlfield tag="005">20250708135436.0</marc:controlfield>
    <marc:controlfield tag="007">tu</marc:controlfield>
    <marc:controlfield tag="008">930517|1983    |||           ||| | eng c</marc:controlfield>
    <marc:controlfield tag="009">AC00632769</marc:controlfield>
    <marc:datafield tag="015" ind1=" " ind2=" ">
      <marc:subfield code="a">84,A15,0454</marc:subfield>
      <marc:subfield code="2">dnb</marc:subfield>
    </marc:datafield>
    <marc:datafield tag="020" ind1=" " ind2=" ">
      <marc:subfield code="a">3443210465</marc:subfield>
      <marc:subfield code="c">kart. : DM 88.00</marc:subfield>
    </marc:datafield>
    <marc:datafield tag="035" ind1=" " ind2=" ">
      <marc:subfield code="a">(AT-OBV)AC00632769</marc:subfield>
    </marc:datafield>
    <marc:datafield tag="035" ind1=" " ind2=" ">
      <marc:subfield code="a">AC00632769</marc:subfield>
    </marc:datafield>
    <marc:datafield tag="035" ind1=" " ind2=" ">
      <marc:subfield code="a">(Aleph)000002321ACC01</marc:subfield>
    </marc:datafield>
    <marc:datafield tag="035" ind1=" " ind2=" ">
      <marc:subfield code="a">(DE-599)OBVAC00632769</marc:subfield>
    </marc:datafield>
    <marc:datafield tag="040" ind1=" " ind2=" ">
      <marc:subfield code="a">UBI</marc:subfield>
      <marc:subfield code="b">ger</marc:subfield>
      <marc:subfield code="d">AT-UBI</marc:subfield>
      <marc:subfield code="e">rakwb</marc:subfield>
    </marc:datafield>
    <marc:datafield tag="041" ind1=" " ind2=" ">
      <marc:subfield code="a">eng</marc:subfield>
    </marc:datafield>
    <marc:datafield tag="044" ind1=" " ind2=" ">
      <marc:subfield code="c">XA-DE</marc:subfield>
    </marc:datafield>
    <marc:datafield tag="084" ind1=" " ind2=" ">
      <marc:subfield code="a">38.42</marc:subfield>
      <marc:subfield code="2">bkl</marc:subfield>
    </marc:datafield>
    <marc:datafield tag="084" ind1=" " ind2=" ">
      <marc:subfield code="a">38.45</marc:subfield>
      <marc:subfield code="2">bkl</marc:subfield>
    </marc:datafield>
    <marc:datafield tag="084" ind1=" " ind2=" ">
      <marc:subfield code="a">RB 10247</marc:subfield>
      <marc:subfield code="2">rvk</marc:subfield>
    </marc:datafield>
    <marc:datafield tag="245" ind1="0" ind2="0">
      <marc:subfield code="a">Extreme land forming events</marc:subfield>
      <marc:subfield code="c">ed. by S. Okuda ...</marc:subfield>
    </marc:datafield>
    <marc:datafield tag="264" ind1=" " ind2="1">
      <marc:subfield code="a">Berlin [u.a.]</marc:subfield>
      <marc:subfield code="b">Borntraeger</marc:subfield>
      <marc:subfield code="c">1983</marc:subfield>
    </marc:datafield>
    <marc:datafield tag="300" ind1=" " ind2=" ">
      <marc:subfield code="a">VI, 163 S.</marc:subfield>
      <marc:subfield code="b">zahlr. Ill., graph. Darst. u. Kt.</marc:subfield>
      <marc:subfield code="c">25 cm</marc:subfield>
    </marc:datafield>
    <marc:datafield tag="490" ind1="1" ind2=" ">
      <marc:subfield code="a">Zeitschrift für Geomorphologie : Supplementband</marc:subfield>
      <marc:subfield code="v">46</marc:subfield>
    </marc:datafield>
    <marc:datafield tag="500" ind1=" " ind2=" ">
      <marc:subfield code="a">Literaturangaben</marc:subfield>
    </marc:datafield>
    <marc:datafield tag="650" ind1=" " ind2="0">
      <marc:subfield code="a">Erosion</marc:subfield>
      <marc:subfield code="a">Japan</marc:subfield>
      <marc:subfield code="a">Congresses</marc:subfield>
      <marc:subfield code="z">Automatisch aus GBV_2011-10 2012-05-14</marc:subfield>
    </marc:datafield>
    <marc:datafield tag="650" ind1=" " ind2="0">
      <marc:subfield code="a">Erosion</marc:subfield>
      <marc:subfield code="a">Washington (State)</marc:subfield>
      <marc:subfield code="a">Saint Helens, Mount, Region</marc:subfield>
      <marc:subfield code="a">Congresses</marc:subfield>
      <marc:subfield code="z">Automatisch aus GBV_2011-10 2012-05-14</marc:subfield>
    </marc:datafield>
    <marc:datafield tag="650" ind1=" " ind2="0">
      <marc:subfield code="a">Erosion</marc:subfield>
      <marc:subfield code="a">Congresses</marc:subfield>
      <marc:subfield code="z">Automatisch aus GBV_2011-10 2012-05-14</marc:subfield>
    </marc:datafield>
    <marc:datafield tag="650" ind1=" " ind2="0">
      <marc:subfield code="a">Mass-wasting</marc:subfield>
      <marc:subfield code="a">Japan</marc:subfield>
      <marc:subfield code="a">Congresses</marc:subfield>
      <marc:subfield code="z">Automatisch aus GBV_2011-10 2012-05-14</marc:subfield>
    </marc:datafield>
    <marc:datafield tag="650" ind1=" " ind2="0">
      <marc:subfield code="a">Mass-wasting</marc:subfield>
      <marc:subfield code="a">Congresses</marc:subfield>
      <marc:subfield code="z">Automatisch aus GBV_2011-10 2012-05-14</marc:subfield>
    </marc:datafield>
    <marc:datafield tag="689" ind1="0" ind2="0">
      <marc:subfield code="a">Japan</marc:subfield>
      <marc:subfield code="D">g</marc:subfield>
      <marc:subfield code="0">(DE-588)4028495-5</marc:subfield>
    </marc:datafield>
    <marc:datafield tag="689" ind1="0" ind2="1">
      <marc:subfield code="a">Abtragung</marc:subfield>
      <marc:subfield code="D">s</marc:subfield>
      <marc:subfield code="0">(DE-588)4000281-0</marc:subfield>
    </marc:datafield>
    <marc:datafield tag="689" ind1="0" ind2="2">
      <marc:subfield code="a">Aufsatzsammlung</marc:subfield>
      <marc:subfield code="A">f</marc:subfield>
    </marc:datafield>
    <marc:datafield tag="689" ind1="0" ind2=" ">
      <marc:subfield code="5">AT-OBV</marc:subfield>
      <marc:subfield code="5">UBI</marc:subfield>
    </marc:datafield>
    <marc:datafield tag="700" ind1="1" ind2=" ">
      <marc:subfield code="a">Okuda, Setsuo</marc:subfield>
      <marc:subfield code="4">edt</marc:subfield>
    </marc:datafield>
    <marc:datafield tag="830" ind1=" " ind2="0">
      <marc:subfield code="w">(AT-OBV)AC00166185</marc:subfield>
      <marc:subfield code="v">46</marc:subfield>
    </marc:datafield>
    <marc:datafield tag="856" ind1="4" ind2="2">
      <marc:subfield code="u">http://media.obvsg.at/AC00632769-1001</marc:subfield>
      <marc:subfield code="x">HBZ-CE</marc:subfield>
      <marc:subfield code="m">V:DE-605;X:Imageware</marc:subfield>
      <marc:subfield code="q">application/pdf</marc:subfield>
      <marc:subfield code="3">Inhaltsverzeichnis</marc:subfield>
      <marc:subfield code="o">OBV-HBZ-CE</marc:subfield>
    </marc:datafield>
  </marc:record>
</marc:collection>
